Statistics for Turkey True or False?

Click here to take the quiz!

General Stats

  • This quiz has been taken 119 times
  • The average score is 10 of 15

Answer Stats

QuestionAnswer% Correct
Hagia Sophia was first a church, then a mosque, then a museum, and now a mosque againTrue
98%
Istanbul is world's largest city located on two continentsTrue
95%
In the Turkish alphabet, C sounds the same as the J in jasmineTrue
86%
Journalists in Turkey have one of world's worst press freedomsTrue
83%
Speaking Kurdish was banned until 1991True
77%
Mustafa Kemal Atatürk was born inside the modern-day borders of TurkeyFalse
73%
If all of world's 194 countries where to get the equal amount of land area, Turkey's land area would be the closest to itTrue
71%
Turkey does NOT border AzerbaijanFalse
66%
Tarkan was a prominent Ottoman era figureFalse
65%
People did NOT have last names during the Ottoman EmpireTrue
60%
Mount Ararat is located in Central TurkeyFalse
49%
Orhan Pamuk won the Nobel Prize in Economy in 2006False
47%
Turkey was neutral during World War IIFalse
47%
The Ottoman Empire was named after the ancient tribe the Turkish people originated fromFalse
44%
Turkey never had a female prime minister or presidentFalse
36%

Score Distribution

Percentile by Number Answered

Percent of People with Each Score

Your Score History

You have not taken this quiz